| 000 | 01194nam0a22002651 4500 | ||
|---|---|---|---|
| 001 | rc\315953 | ||
| 005 | 20030307122143.6 | ||
| 035 | _a(NLR Aleph) 005550069 | ||
| 090 |
_a5801098 _c5801098 |
||
| 100 | _a20030307d1990 u |0rusy50 ca | ||
| 101 | 0 | _arus | |
| 102 | _aRU | ||
| 105 | _ay ||||||||| | ||
| 200 | 1 |
_aРАЦИОНАЛЬНОЕ использование и экономия материальных ресурсов на машиностроительных предприятиях _f[Калашникова О.А., Шаршеналиева А.Т., к. э. н.] |
|
| 210 |
_aФрунзе _cКиргизНИИНТИ _d1990 |
||
| 215 |
_a[1], 33 с. _d20 |
||
| 225 | 1 |
_aОбзорная информация _fКиргиз. НИИ НТИ и техн.-экон. исслед. Госплана КиргССР |
|
| 320 | _aБиблиогр.: с. 31-32 | ||
| 701 | 1 |
_aКалашникова _bО. А. |
|
| 712 | 0 | 2 |
_aКиргизский НИИ науч.-техн. информации и техн.-экон. исследований _cФрунзе _3RU\NLR\AUTH\8810023902 |
| 801 | 0 |
_aRU _bNLR _gpsbo |
|
| 801 | 1 |
_aRU _bELAR _2rusmarc |
|
| 852 |
_aNLR _j90-4/12069 |
||
| 942 | _cBOOK | ||
| 980 | _aNB | ||